Jsem tu novej /
Tonami, Brasilia, Sarajevo, Praha. Jak obtížné je začít znovu, na novém místě, v nové práci, v novém jazyce nebo s novými lidmi? Od chvíle, kdy vystoupil z tramvaje číslo 22 na Malostranském náměstí, je britský velvyslanec Matt Field v České republice nadšeným hostem a prostřednictvím oceňované kamp...
Uloženo v:
| Hlavní autor: | |
|---|---|
| Další autoři: | |
| Médium: | Kniha |
| Jazyk: | Czech |
| Vydáno: |
Praha :
Euromedia Group,
2026
|
| Vydání: | Vydání první |
| Edice: | Universum (Euromedia Group)
|
| Témata: | |
| Celkem bylo vypůjčeno: | 0x |
| Tagy: |
Žádné tagy |
| LEADER | 02144nam a2200409 i 4500 | ||
|---|---|---|---|
| 001 | 106327 | ||
| 003 | CZ PrSKC | ||
| 005 | 20260513094741.0 | ||
| 008 | 260504s2026 xr ||| | cze | ||
| 020 | |a 9788028403928 |q (vázáno) : |c Kč 499,00 | ||
| 040 | |a TUG001 |b cze |e rda | ||
| 041 | 1 | |a cze |h eng | |
| 072 | 7 | |a 821.111-3 |x Anglická próza, anglicky psaná |2 Konspekt |9 25 | |
| 072 | 7 | |a 929 |x Biografie |2 Konspekt |9 8 | |
| 100 | 1 | |a Field, Matthew Robert, |d 1976- |4 aut | |
| 245 | 1 | 0 | |a Jsem tu novej / |c Matt Field ; přeložila Věra Klásková |
| 250 | |a Vydání první | ||
| 264 | 1 | |a Praha : |b Euromedia Group, |c 2026 | |
| 300 | |a 223 stran, 16 nečíslovaných stran obrazových příloh : |b ilustrace, portréty ; |c 22 cm | ||
| 336 | |a text |b txt |2 rdacontent | ||
| 337 | |a bez média |b n |2 rdamedia | ||
| 338 | |a svazek |b nc |2 rdacarrier | ||
| 490 | 1 | |a Universum | |
| 500 | |a Přeloženo z angličtiny | ||
| 520 | 2 | |a Tonami, Brasilia, Sarajevo, Praha. Jak obtížné je začít znovu, na novém místě, v nové práci, v novém jazyce nebo s novými lidmi? Od chvíle, kdy vystoupil z tramvaje číslo 22 na Malostranském náměstí, je britský velvyslanec Matt Field v České republice nadšeným hostem a prostřednictvím oceňované kampaně #JsemTuNovej poznává její historii a kulturu. Ve své první knize se dělí o zážitky a zkušenosti z devíti zemí a pěti kontinentů, zamýšlí se nad silou zvědavosti, přeshraniční komunikací a tím, jak se zabydlet ve světě, který se neustále mění. | |
| 600 | 1 | 4 | |a Field, Matthew Robert, |d 1976- |
| 650 | 0 | 7 | |a diplomaté |7 ph119471 |2 czenas |
| 650 | 0 | 7 | |a velvyslanci |7 ph127019 |2 czenas |
| 651 | 7 | |a Velká Británie |7 ge134525 |2 czenas |9 536 | |
| 655 | 7 | |a autobiografické vzpomínky |7 fd131854 |2 czenas |9 53458 | |
| 700 | 1 | |a Klásková, Věra, |d 1970- |7 xx0002814 |4 trl |9 5692 | |
| 710 | 2 | |a Euromedia Group |7 kn20100114009 |4 pbl |9 117126 | |
| 830 | 0 | |a Universum (Euromedia Group) | |
| 910 | |a UOG502 | ||
| 942 | |2 ddc |c KN | ||
| 999 | |d 106327 | ||
| 993 | |0 0 |1 421180107048 |2 ddc |4 0 |7 0 |9 99700 |b 0 |c 107048 |d 2026-05-13 |e 0 |f DOSP |h 499.00 |i Koupě |l DOSP |r 2026-05-13 |t 6 |w 2026-05-13 |y KN |z BELET |n | ||